Normal view
MARC view
- Temps (Météorologie)
Entry Topical Term
001 - CONTROL NUMBER
- control field: 11279
003 - CONTROL NUMBER IDENTIFIER
- control field: NUST
005 - DATE AND TIME OF LATEST TRANSACTION
- control field: 20180626075628.0
008 - FIXED-LENGTH DATA ELEMENTS
- fixed length control field: 180626|| aca||aabn | a|a d
040 ## - CATALOGING SOURCE
- Original cataloging agency: NUST
- Transcribing agency: NUST
150 ## - HEADING--TOPICAL TERM
- Topical term or geographic name entry element: Temps (Météorologie)
- General subdivision: Prévision
- General subdivision: Histoire.
670 ## - SOURCE DATA FOUND
- Source citation: Work cat.: (NUST)48178: Halford, Pauline. 11277, Storm warning :, 2004
